Comuni della Provincia dell'Aquila (con mappa) - Statistics

Statistiche generali
  • Questo quiz è stato fatto 75 volte
  • Il punteggio medio è 55 su 108
Risposte nella Mappa
Le risposte nella mappa del quiz sottostante sono codificate secondo una scala di colori dal rosso al verde in base alla % di persone che hanno risposto correttamente.
 
Statistiche sulle risposte
Risposta % Corretto
L'Aquila
100%
Avezzano
97%
Sulmona
87%
Scanno
84%
Pescasseroli
81%
Roccaraso
81%
Carsoli
77%
Castel di Sangro
77%
Celano
77%
Ovindoli
77%
Rocca di Mezzo
71%
Luco dei Marsi
68%
Opi
68%
Pratola Peligna
68%
Rocca di Cambio
68%
Santo Stefano di Sessanio
68%
Tagliacozzo
68%
Aielli
65%
Anversa degli Abruzzi
65%
Barrea
65%
Campotosto
65%
Magliano de' Marsi
65%
Pescocostanzo
65%
Trasacco
65%
Villalago
65%
Calascio
61%
Cappadocia
61%
Cocullo
61%
Oricola
61%
Ortona dei Marsi
61%
Pescina
61%
Scurcola Marsicana
61%
Tornimparte
61%
Villetta Barrea
61%
Bisegna
58%
Capestrano
58%
Civitella Alfedena
58%
Civitella Roveto
58%
Gioia dei Marsi
58%
San Benedetto dei Marsi
58%
Alfedena
55%
Balsorano
55%
Lecce nei Marsi
55%
Capistrello
52%
Castel del Monte
52%
Cerchio
52%
Navelli
52%
Ofena
52%
Rivisondoli
52%
San Benedetto in Perillis
52%
Sante Marie
52%
Scoppito
52%
Villavallelonga
52%
Canistro
48%
Castelvecchio Calvisio
48%
Castelvecchio Subequo
48%
Collelongo
48%
Massa d'Albe
48%
Pereto
48%
Rocca Pia
48%
San Vincenzo Valle Roveto
48%
Acciano
45%
Ateleta
45%
Campo di Giove
45%
Carapelle Calvisio
45%
Civita d'Antino
45%
Collarmele
45%
Lucoli
45%
Ortucchio
45%
Pacentro
45%
Raiano
45%
Rocca di Botte
45%
San Demetrio ne' Vestini
45%
Castellafiume
42%
Goriano Sicoli
42%
Introdacqua
42%
Villa Santa Lucia degli Abruzzi
42%
Barisciano
39%
Cagnano Amiterno
39%
Montereale
39%
Morino
39%
Barete
35%
Capitignano
35%
Corfinio
35%
Fossa
35%
Pettorano sul Gizio
35%
Pizzoli
35%
Roccacasale
35%
Scontrone
35%
Molina Aterno
32%
Ocre
32%
Sant'Eusanio Forconese
32%
Vittorito
32%
Bugnara
29%
Castel di Ieri
29%
Gagliano Aterno
29%
Poggio Picenze
29%
Prata d'Ansidonia
29%
San Pio delle Camere
29%
Secinaro
29%
Cansano
26%
Caporciano
26%
Collepietro
26%
Fontecchio
26%
Prezza
26%
Tione degli Abruzzi
26%
Villa Sant'Angelo
26%
Fagnano Alto
23%
Nessun quiz corrispondente trovato
Distribuzione punteggi
Percentuale di utenti per punteggio
Percentile per numero di risposta
I tuoi punteggi nel tempo
Non hai fatto questo quiz